[Event "POL-ch U12"]
[Site "Uniejow"]
[Date "2021.07.21"]
[Round "4"]
[White "Liskiewicz, Jakub"]
[Black "Futyma, Dawid"]
[Result "1-0"]
[WhiteElo "1562"]
[BlackElo "1318"]
[PlyCount "75"]
[EventDate "2021.07.18"]
[EventType "swiss"]
[EventRounds "9"]
[EventCountry "POL"]
[SourceTitle "EXT 2022"]
[Source "ChessBase"]
[SourceDate "2021.10.06"]
[SourceVersion "1"]
[SourceVersionDate "2021.10.06"]
[SourceQuality "1"]

1. d4 Nf6 2. c4 c5 3. d5 b5 4. cxb5 a6 5. e3 axb5 6. Bxb5 Qa5+ 7. Nc3 Ne4 8. Nge2 g6 9. 0-0 Bg7 10. Qd3 Nxc3 11. Nxc3 0-0 12. e4 Na6 13. a4 Rb8 14. Bg5 Re8 15. Qg3 Qc7 16. Bf4 Qa7 17. Bxb8 Qxb8 18. Qxb8 Nxb8 19. f4 Bd4+ 20. Kh1 Na6 21. a5 Rd8 22. Rfb1 Bb7 23. Na4 Nb4 24. Nb6 d6 25. a6 Ba8 26. a7 c4 27. Nxa8 Rxa8 28. Bxc4 Nc2 29. Ra4 Bc5 30. b4 Nxb4 31. Bb5 Nc2 32. Rc1 Nd4 33. Rxc5 dxc5 34. Bc6 Nxc6 35. dxc6 Kf8 36. c7 c4 37. c8Q+ Rxc8 38. a8Q 1-0

[Event "Subcarpathian-chT"]
[Site "Bystre"]
[Date "2021.06.09"]
[Round "1.11"]
[White "Futyma, Dawid"]
[Black "Drozdzal, Michal"]
[Result "0-1"]
[WhiteElo "1372"]
[BlackElo "1503"]
[PlyCount "136"]
[EventDate "2021.06.09"]
[EventType "team-tourn"]
[EventRounds "9"]
[EventCountry "POL"]
[SourceTitle "EXT 2022"]
[Source "ChessBase"]
[SourceDate "2021.10.06"]
[SourceVersion "1"]
[SourceVersionDate "2021.10.06"]
[SourceQuality "1"]

1. Nc3 d5 2. e4 d4 3. Nce2 e5 4. d3 c5 5. f4 Nc6 6. Nf3 Qc7 7. fxe5 Nxe5 8. Nxe5 Qxe5 9. Bf4 Qh5 10. Ng3 Qxd1+ 11. Rxd1 Nf6 12. Be2 Be7 13. 0-0 0-0 14. c3 Be6 15. c4 Rac8 16. Bf3 Ng4 17. b3 Bh4 18. Nf5 Bxf5 19. exf5 Ne3 20. Bxe3 dxe3 21. g3 Bf6 22. Rde1 Bd4 23. Re2 Rc7 24. Kg2 Re8 25. Be4 a6 26. h4 b5 27. Bd5 b4 28. g4 a5 29. g5 Kf8 30. h5 Re5 31. Kh3 Ra7 32. g6 hxg6 33. hxg6 f6 34. Bc6 Rc7 35. Bb5 Ke7 36. Kg4 Rc8 37. Rh1 Kd6 38. Rh7 Re7 39. Kf4 Bc3 40. Rh1 Bd2 41. Ba6 Rg8 42. Bb5 Rc7 43. Rh7 Rcc8 44. Ba6 Rc7 45. Bb5 Re7 46. Ba6 Kc7 47. Kf3 Rd8 48. Rh4 Rxd3 49. Re4 Rxe4 50. Kxe4 Rd4+ 51. Kf3 Rh4 52. Kg3 Rh1 53. Kf3 Kd6 54. Bb7 Ke5 55. Kg4 Re1 56. Bf3 Rxe2 57. Bxe2 Kd4 58. Kf3 Be1 59. Bf1 Bh4 60. Ke2 Bg5 61. Kd1 Kc3 62. Be2 Kb2 63. Ke1 Kxa2 64. Bd1 Kb2 65. Ke2 Kc3 66. Ke1 Bf4 67. Ke2 a4 68. bxa4 b3 0-1